000 00823nam a2200253 i 4500
001 106389
003 ES-MaACL
005 20250717063030.0
007 t|
008 061107s1967 sp ||||1| spa d
080 _a929 Servet, Miguel
100 1 _aSastre, Alfonso,
_d1926-
_9103915
245 1 0 _aFlores rojas para Miguel Servet /
_cAlfonso Sastre ; ilustraciones de Ricardo Zamorano.
250 _a1ª ed.
260 _aMadrid :
_bSucesores de Rivadeneira,
_c1967.
300 _a235 p. :
_bil. ;
_c21 cm.
490 1 _aNombres que son historia
500 _aBiblioteca Jacinto Martínez Lacalle.
600 1 4 _aServet, Miguel.
_9105862
700 1 _aZamorano, Ricardo.
_9117958
830 0 _aNombres que son historia
_9232841
852 _aES-MaACL
_jE-11381
_bR.139138
999 _c106389
_d106389